• 首页
  • 本馆介绍
  • 公告通知
  • 最新文献
  • 馆藏检索
  • 电子资源
  • 读者导购
  • 参考咨询
  • 我的图书馆
  • 登录
  • 详细信息显示
  • 放入我的书架
  • 预约/预借图书
  • 作者相关作品
  • 分类相关作品
  • 丛书相关作品
  • 出版社相关作品

书目信息

  • 表格格式
  • 工作单格式
  • 卡片格式
题名:
二进制分析实战
    
 
作者: 安德里斯 著 ;刘杰宏 , 马金鑫 , 崔宝江 译
分册:  
出版信息: 北京   人民邮电出版社  2021.10
页数: 376页
开本: 24cm
丛书名:
单 册:
中图分类: TP301.6
科图分类:
主题词: 二进制运算--er jin zhi yun suan
电子资源:
ISBN: 978-7-115-55693-6
000 01190nam0 2200277 450
001 2240281847
005 20221020111146.09
010    @a978-7-115-55693-6@dCNY129.80
100    @a20211029d2021 em y0chiy50 ea
101 1  @achi@cdut
102    @aCN@b110000
105    @ay z 000yy
200 1  @a二进制分析实战@Aer jin zhi fen xi shi zhan@f(荷) 丹尼斯·安德里斯著@d= Practical binary analysis@fDennis Andriesse@g刘杰宏, 马金鑫, 崔宝江译@zeng
210    @a北京@c人民邮电出版社@d2021.10
215    @a376页@d24cm
306    @a由美国No Starch出版社授权出版
330    @a本书涉及二进制分析和检测的相关内容。本书首先介绍了二进制分析基本概念和二进制格式, 然后讲解了如何使用GNU/Linux二进制分析工具链、反汇编和代码注入这样的技术来分析二进制文件, 最后介绍了使用Pin构建二进制插桩的方法以及使用libdft构建动态污染分析工具的方法等。
510 1  @aPractical binary analysis@zeng
606 0  @a二进制运算@Aer jin zhi yun suan
690    @aTP301.6@v5
701  1 @a安德里斯@Aan de li si@g(Andriesse, Dennis)@4著
702  0 @a刘杰宏@Aliu jie hong@4译
702  0 @a马金鑫@Ama jin xin@4译
702  0 @a崔宝江@Acui bao jiang@4译
801  0 @aCN@b人天书店@c20211029
905    @aZUCC@dTP301.6@e14
    
    二进制分析实战/(荷) 丹尼斯·安德里斯著= Practical binary analysis/Dennis Andriesse/刘杰宏, 马金鑫, 崔宝江译.-北京:人民邮电出版社,2021.10
    376页;24cm
    
    
    ISBN 978-7-115-55693-6:CNY129.80
    本书涉及二进制分析和检测的相关内容。本书首先介绍了二进制分析基本概念和二进制格式, 然后讲解了如何使用GNU/Linux二进制分析工具链、反汇编和代码注入这样的技术来分析二进制文件, 最后介绍了使用Pin构建二进制插桩的方法以及使用libdft构建动态污染分析工具的方法等。
●
相关链接 在五车中查询图书 在当当中查询图书 在豆瓣中查询图书


正题名:二进制分析实战     索取号:TP301.6/14         预约/预借

序号 登录号 条形码 馆藏地/架位号 状态 备注
1 2000915212   2000915212   第三书库/ [索取号:TP301.6/14] 在馆    
2 2000915213   2000915213   第三书库/ [索取号:TP301.6/14] 在馆    
3 2000915214   2000915214   第三书库/ [索取号:TP301.6/14] 在馆    
山东省滨州职业学院图书馆 欢迎您!
大连网信软件有限公司© 版权所有